Zootopia 2 Cast List - Statistics

General Stats
  • This quiz has been taken 10 times
  • The average score is 12 of 64
Answer Stats
Character Voice Actor % Correct
Judy Hopps Ginnifer Goodwin
80%
Nick Wilde Jason Bateman
80%
Kitty Lynxley Brenda Song
60%
Ed Shearin Ed Sheeran
60%
Chief Bogo Idris Elba
60%
Cattrick Lynxley Macaulay Culkin
60%
Gazelle Shakira
60%
Pawbert Lynxley Andy Samberg
50%
Robert Furwin Robert Irwin
50%
Duke Weaselton/French Raccoon Chef Alan Tudyk
30%
Gene Zebrowski CM Punk
30%
Jesús Danny Trejo
30%
Zeke Dwayne Johnson
30%
Michael J Michael J Fox
30%
Brian Winddancer Patrick Warburton
30%
Marina Nutriamo Allegra Leguizamo
20%
Bob Tiger Bob Iger
20%
Bonnie Hopps Bonnie Hunt
20%
Dawn Bellwether Jenny Slate
20%
Antony Snootley John Leguizamo
20%
Gary D’Snake Ke Huy Quan
20%
Mr Big Maurice LaMarche
20%
Slick Di’Giguani Nick DiGiovanni
20%
Dr Fuzzby Quinta Brunson
20%
Grandma Taller Rachel House
20%
Yax Tommy Chong
20%
Anti-Venom Pen Auli’i Cravalho
10%
Baalake Lambkin Blake Slatkin
10%
Little Judith Cecily Strong
10%
Milton Lynxley David Strathairn
10%
Stu Hopps Don Lake
10%
Nibbles Maplestick Fortune Feimster
10%
Pete Hewitt Bush
10%
Jürgen Ziegenkäse* Jared Bush
10%
Bucheron/Chevre Jean Reno
10%
Paul Moledebrandt Josh Gad
10%
Gram Gram Hopps June Squibb
10%
Fru Fru Leah Latham
10%
Tuffy Cheeksworth Mae Martin
10%
Denny Howlett Mario Lopez
10%
Blinkston Hopps Milan Pique Mebarak
10%
Benjamin Clawhauser Nate Torrence
10%
Gene Zebraxton Roman Reigns
10%
Binky Hopps Sasha Pique Mebarak
10%
Bloats Stephanie Beatriz
10%
Big Tig Tig Notaro
10%
Finnick Tiny Lister
10%
Higgins Wilmer Valderrama
10%
EMT Otter/The Bearoness Yvette Nicole Brown
10%
Deerdra Bambino Amanda Gorman
0%
Game Show Announcer Anika Noni Rose
0%
Berthold Hufschmerz* Byron Howard
0%
Buzz Shedley Daniel V Graulau
0%
Truffler David Fane
0%
Russ David VanTuyle
0%
George Purrnacleo George Pennacchio
0%
BJ Hornsby Jake Robard
0%
Unnamed Pig Josh Dallas
0%
Officer McHorn Mark Rhino Smith
0%
Mouse Prisoner Melissa G Shepherd
0%
Captain Fern Hoggbottom Michelle Gomez
0%
Flash Slothmore Raymond Persi
0%
Tailen Smalls Taylen Biggs
0%
Gala Announcer Tiffany Lonsdale
0%
No matching quizzes found
Score Distribution
Percent of People with Each Score
Percentile by Number Answered
Your Score History
You have not taken this quiz